International human rights : the successor to international human rights incontext : (Record no. 5488)

MARC details
000 -LEADER
fixed length control field 00723nam a22001937a 4500
008 - FIXED-LENGTH DATA ELEMENTS--GENERAL INFORMATION
fixed length control field 130819b xxu||||| |||| 00| 0 eng d
020 ## - INTERNATIONAL STANDARD BOOK NUMBER
International Standard Book Number 9-7801-9957-8726
082 ## - DEWEY DECIMAL CLASSIFICATION NUMBER
Edition number 21 ed.
Classification number 341.48
Item number ALS
100 ## - MAIN ENTRY--PERSONAL NAME
Personal name Alston, Philip
245 ## - TITLE STATEMENT
Title International human rights : the successor to international human rights incontext :
Remainder of title law, politics and morals: text and materials
Statement of responsibility, etc Philip Alston and Ryan Goodman
250 ## - EDITION STATEMENT
Edition statement 1 ed.
260 ## - PUBLICATION, DISTRIBUTION, ETC. (IMPRINT)
Place of publication, distribution, etc USA :
Name of publisher, distributor, etc Oxford university press
Date of publication, distribution, etc 2013
300 ## - PHYSICAL DESCRIPTION
Extent xxxix, 1580 P. ;
Dimensions 25 cm.
500 ## - GENERAL NOTE
General note Includes Index
650 ## - SUBJECT ADDED ENTRY--TOPICAL TERM
Topical term or geographic name as entry element Human rights
650 ## - SUBJECT ADDED ENTRY--TOPICAL TERM
Topical term or geographic name as entry element International human rights : the successor to international human rights incontex
700 ## - ADDED ENTRY--PERSONAL NAME
Personal name Goodman, Ryan
942 ## - ADDED ENTRY ELEMENTS (KOHA)
Source of classification or shelving scheme Dewey Decimal Classification
Item type Books
Holdings
Withdrawn status Lost status Source of classification or shelving scheme Damaged status Not for loan Home library Current library Shelving location Date acquired Total Checkouts Full call number Barcode Date last seen Copy number Price effective from Koha item type Public note
    Dewey Decimal Classification     Law Development Centre Main Library Law Development Centre Main Library Text Books and Laws 08/19/2013   341.48 ALS 6122/2013 08/19/2013 1 08/19/2013 Books Reserve